成都-这座城市在历史上曾被谁统治(二) - Statistics

General Stats
  • This quiz has been taken 71 times
  • The average score is 30 of 41
Answer Stats
时间及提示 政权名称 % Correct
东周,至迟战国前期 - 前316 蜀 (开明王朝)
97%
前316 - 前206
97%
前206 - 公元9 西汉
97%
公元9 - 23
97%
36 - 220 东汉
97%
(220)221 - 263 蜀汉
97%
266 - 304 西晋
94%
1680 - 1911
92%
(1911)1912 - 1949 中华民国
92%
1371 - 1644
90%
1949至今 中华人民共和国
90%
263 - 266 曹魏
89%
581 - 618
89%
618 - 690
89%
705 - 907
86%
1271 - 1357
86%
23 - 25 玄汉
84%
965 - 1257
84%
347 - 373 东晋
81%
690 - 705 武周
81%
934 - 965 后蜀
79%
1257 - 1271 蒙古
79%
420 - 479 刘宋
78%
479 - 502 南齐
78%
502 - 553 南梁
78%
907 - 925 前蜀
78%
557 - 581 北周
73%
(304)306 - 347 成汉
70%
1646 - 1659 南明
67%
553 - 557 西魏
62%
1644 - 1646 大西
60%
385 - 405 东晋
57%
925 - 934 后唐
56%
373 - 385 前秦
52%
413 - 420 东晋
52%
1659 - 1674
46%
405 - 413 谯蜀
38%
(1674)1678 - 1680 吴周
32%
25 - 36 成家 (成)
27%
(1360)1362 - 1371 明夏
24%
1357 - 1360 (名义) 徐宋 (天完)
13%
No matching quizzes found
Score Distribution
Percent of People with Each Score
Percentile by Number Answered
Your Score History
You have not taken this quiz